00435 2200169 4500001002100000008004100021035002000062245005100082100001900133260002400152300002000176020002200196084001400218082000800232650001000240990001500250INLIS000000000003256 ind  a0010-1225000077 aHarapan Dari Tempat Paling JauhcInggrid Sonya aSonya, Inggrid aJakarta :bGramedia a440c13,5x20 cm a978-602-06-5745-5 a813 SON h a813 aFiksi a19731/B/26